[Event "Ruhrgebiet VK1 1213"]
[Site "Nordrheinwestfalen"]
[Date "2012.12.02"]
[Round "4"]
[White "Kuesgen, Dirk"]
[Black "Harde, Marco"]
[Result "1/2-1/2"]
[WhiteElo "1836"]
[BlackElo "1717"]
[PlyCount "45"]
[EventDate "2012.09.02"]
[EventType "team-tourn"]
[EventRounds "9"]
[EventCountry "GER"]
[SourceTitle "EXT 2020"]
[Source "ChessBase"]
[SourceDate "2019.10.17"]
[SourceVersion "1"]
[SourceVersionDate "2019.10.17"]
[SourceQuality "1"]
[WhiteTeam "Bottrop SV"]
[BlackTeam "Waltrop SV"]
[WhiteTeamCountry "GER"]
[BlackTeamCountry "GER"]

1. e4 c5 2. d4 cxd4 3. c3 d6 4. cxd4 Nf6 5. Nc3 g6 6. Nf3 Bg4 7. Bb5+ Bd7 8. Bxd7+ Nbxd7 9. e5 dxe5 10. dxe5 Ng4 11. e6 fxe6 12. Ng5 Nde5 13. 0-0 Qxd1 14. Rxd1 Rd8 15. Bf4 Bh6 16. Nxe6 Rxd1+ 17. Rxd1 Kf7 18. Ng5+ Bxg5 19. Bxg5 h6 20. Bf4 g5 21. Bg3 Nc6 22. h3 Nf6 23. Kf1 1/2-1/2